000 00543nam a2200205Ia 4500
001 14848
003 GE_BSU
008 181216s||||||||xx |||||||||||||| ||und||
040 _cGE_BSU
080 _a519.6(075.8)
100 _aБерезин,И.С. Жидков,Н.П.
245 _aМетоды вычислений.Том 2.
245 _bУчебн. пособ.
260 _aМосква
260 _bГосиздат
260 _c1960
300 _a619стр.22см.
653 _aМетоды вычислений.
942 _cBK
999 _c47970
_d47970